| 000 | 00744nam a22002417a 4500 | ||
|---|---|---|---|
| 005 | 20170124110023.0 | ||
| 010 | _aA-760036 | ||
| 020 |
_c00.00 _a8122407366 |
||
| 035 | _aA-760036 | ||
| 037 | _bCen Lib/Ret | ||
| 040 |
_aDPL _bEN |
||
| 082 |
_a510.92 _bHOO |
||
| 100 |
_aHooda, D. S _920203 |
||
| 245 |
_aAryabhata : _cby D. S. Hooda [and] J. N. Kapur _blife and contributions / |
||
| 260 |
_aNew Delhi _bNew Age International _c1996 |
||
| 270 |
_a4835/24, Ansari Road, Daryaganj _bNew Delhi _e110002 |
||
| 300 |
_aviii,130p. _c21cm(Hb) |
||
| 500 | _aIncludes references | ||
| 650 |
_aHindu mathematics _920204 |
||
| 650 |
_aHindu astronomy _920205 |
||
| 700 |
_aKapur, J. N _920175 |
||
| 942 |
_2ddc _cEN _h510.92 _mHOO |
||
| 999 |
_c127331 _d127331 |
||